IELTS on Track: Test Practice Academic : Bộ đề luyện thi IELTS nghe-nói-đọc-viết /

Sparad:
Bibliografiska uppgifter
Huvudupphovsman: Slater,Stephen
Övriga upphovsmän: Millen, Donns Tyrie,Pat Nguyễn, Thành Yến (dịch)
Materialtyp: Bok
Språk:English
Publicerad: TP.HCM : NXB tổng hợp, 2010.
Ämnen:
Taggar: Lägg till en tagg
Inga taggar, Lägg till första taggen!
Thư viện lưu trữ: Mạng thư viện Đại học Đà Nẵng
LEADER 01228cam a22003251a 4500
001 000035308
003 11585
005 20210412102909.0
008 151112s2010 000 eng
020 |c 120000 
041 |a eng 
082 |a 428  |b ST-S 
100 |a Slater,Stephen 
245 0 |a IELTS on Track: Test Practice Academic :  |b Bộ đề luyện thi IELTS nghe-nói-đọc-viết /  |c Stephen Slater, Donns Millen, Pat Tyrie, Nguyễn Thành Yến dịch. 
260 |a TP.HCM :  |b NXB tổng hợp,  |c 2010. 
300 |a 256tr. :  |b ill . ;  |c 20,5cm+CD. 
650 |a IELTS on Track  |e IELTS 
653 |a Bộ đề luyện Ielts  |a test practice academic 
700 |a Millen, Donns  |a Tyrie,Pat  |a Nguyễn, Thành Yến  |e dịch 
OWN |a LNN 
OWN |a LNN 
902 |a TKA 
AVA |a UDN50  |b LNN  |c English  |d LNN35308-CD1  |e available  |t Error 5001 Not defined in file expand_doc_bib_avail.  |f 7  |g 0  |h N  |i 3  |j AN 
999 |a From the UDN01 
AVA |a UDN50  |b LNN  |c English  |d LNN35308-CD1  |e available  |t Error 5001 Not defined in file expand_doc_bib_avail.  |f 7  |g 0  |h N  |i 3  |j AN 
TYP |a Monograph 
TYP |a Printed language 
980 |a Mạng thư viện Đại học Đà Nẵng